00457nam a2200133Ia 4500008004100000082001900041100001300060245005900073260004200132300001000174942001200184999001900196952010800215210430s9999 xx 000 0 und d a651.75 A8191 O aA Ashley aOxford Handbook of Commercial CorrespondencecA Ashley aIndia bOxford University Pressc2009 a304p. cBK2ddc c564324d564324 001040708NFICaSCMEbSCMEcGENd0000-00-00l0o651.75 A8191 OpSCME-3523r2021-04-30w2021-04-30yBK